ON THE FRINGES (Record no. 216636)
[ view plain ]
| 000 -LEADER | |
|---|---|
| fixed length control field | 00549nam a22001577a 4500 |
| 008 - FIXED-LENGTH DATA ELEMENTS--GENERAL INFORMATION | |
| fixed length control field | 260225b |||||||| |||| 00| 0 eng d |
| 020 ## - INTERNATIONAL STANDARD BOOK NUMBER | |
| International Standard Book Number | 978-178583351-9 |
| 100 ## - MAIN ENTRY--PERSONAL NAME | |
| Personal name | WARD, JACKIE |
| 245 ## - TITLE STATEMENT | |
| Title | ON THE FRINGES |
| Remainder of title | PREVENTING EXCLUSION IN SCHOOLS THROUGH INCLUSIVE, CHILD CENTRED, NEEDS-BASED PRACTICE |
| 260 ## - PUBLICATION, DISTRIBUTION, ETC. | |
| Place of publication, distribution, etc. | WALES |
| Name of publisher, distributor, etc. | CROWN HOUSE PUBLISHING |
| Date of publication, distribution, etc. | 2019 |
| 300 ## - PHYSICAL DESCRIPTION | |
| Extent | 155P. |
| 500 ## - GENERAL NOTE | |
| General note | INCLUDES INDEX |
| 650 ## - SUBJECT ADDED ENTRY | |
| Topical term or geographic name entry element | 1. INCLUSIVE EDUCATION -GREAT BRITAIN 2. MAINISTREAMING IN EDUCATION - GREAT BRITAIN |
| 942 ## - ADDED ENTRY ELEMENTS (KOHA) | |
| Source of classification or shelving scheme | Library of Congress Classification |
| Koha item type | Long Loan Book |
| Withdrawn status | Lost status | Source of classification or shelving scheme | Damaged status | Not for loan | Collection | Home library | Current library | Shelving location | Date acquired | Inventory number | Total checkouts | Full call number | Barcode | Date last seen | Copy number | Price effective from | Koha item type |
|---|---|---|---|---|---|---|---|---|---|---|---|---|---|---|---|---|---|
| Library of Congress Classification | Arts & Social Sciences | Kisii University Library | Kisii University Library | On Display | 02/25/2026 | 111531 | LC 1203 .G7W37 2019 | A000775 | 02/25/2026 | 1 | 02/25/2026 | Long Loan Book | |||||
| Library of Congress Classification | Arts & Social Sciences | Kisii University Library | Kisii University Library | On Display | 02/25/2026 | 111532 | LC 1203 .G7W37 2019 | A000776 | 02/25/2026 | 2 | 02/25/2026 | Long Loan Book | |||||
| Library of Congress Classification | Arts & Social Sciences | Kisii University Library | Kisii University Library | On Display | 02/25/2026 | 111533 | LC 1203 .G7W37 2019 | A000777 | 02/25/2026 | 3 | 02/25/2026 | Long Loan Book | |||||
| Library of Congress Classification | Arts & Social Sciences | Kisii University Library | Kisii University Library | On Display | 02/25/2026 | 111534 | LC 1203 .G7W37 2019 | A000778 | 02/25/2026 | 4 | 02/25/2026 | Long Loan Book | |||||
| Library of Congress Classification | Arts & Social Sciences | Kisii University Library | Kisii University Library | On Display | 02/25/2026 | 111535 | LC 1203 .G7W37 2019 | A000779 | 02/25/2026 | 5 | 02/25/2026 | Long Loan Book |